Cities to Islands - Statistics

General Stats
  • This quiz has been taken 25 times
  • The average score is 22 of 25
Answer Stats
Hint Answer % Correct
London Britain
95%
Ajaccio Corsica
95%
Nuuk Greenland
95%
Reykjavík Iceland
95%
Dublin Ireland
95%
Antananarivo Madagascar
95%
Port Moresby New Guinea
95%
Dili Timor
95%
Port Of Spain Trinidad
95%
Heraklion Crete
89%
Guantanamo Cuba
89%
Santo Domingo Hispaniola
89%
Auckland North Island (NZ)
89%
Cagliari Sardinia
89%
Palermo Sicily
89%
Christchurch South Island (NZ)
89%
Papeete Tahiti
89%
Hobart Tasmania
89%
Suva Viti Levu
89%
Copenhagen Zealand
89%
Paphos Cyprus
84%
Montego Bay Jamaica
84%
Surabaya Java
79%
Kandy Sri Lanka
79%
Palembang Sumatra
74%
No matching quizzes found
Score Distribution
Percent of People with Each Score
Percentile by Number Answered
Your Score History
You have not taken this quiz